000
00314nam a22001337a 4500
041
_a
ENG
100
_a
IS;4468
245
_a
Agricultural Wheeled Tractor Three Point Linkage part-2
250
_a
Thirs Edition
260
_a
New Delhi
_b
BIS
_c
1993
300
_a
4
650
_a
BIS Test Code
856
_u
BIS Test Code
999
_c
2001
_d
2001